Evaluación de la integral definida de Gauss mediante integración de contorno y el teorema de residuo / (Record no. 14299)

MARC details
000 -LEADER
campo de control de longitud fija 01802nam a2200445 4500
001 - NÚMERO DE CONTROL
campo de control 56289
003 - IDENTIFICADOR DE NÚMERO DE CONTROL
campo de control Biblioteca APEC
005 - FECHA Y HORA DE LA ÚLTIMA TRANSACCIÓN
campo de control 20251014103519.0
008 - DATOS DE LONGITUD FIJA--INFORMACIÓN GENERAL
campo de control de longitud fija 210802b2020 dr ||||| |||| 00| 0 spa d
040 ## - FUENTE DE CATALOGACIÓN
Centro/agencia transcriptor Biblioteca APEC
Centro catalogador/agencia de origen Biblioteca UNAPEC
Lengua de catalogación spa
Normas de descripción rda
041 ## - CÓDIGO DE IDIOMA
Código de lengua del texto/banda sonora o título independiente spa
072 ## - CÓDIGO DE CATEGORÍA DE MATERIA
Código de categoría de materia Facultad de Humanidades
090 ## - LOCALMENTE ASIGNADO TIPO-LC NÚMERO DE CLASIFICACIÓN (OCLC); NÚMERO DE CLASIFICACIÓN LOCAL (RLIN)
Número de clasificación (OCLC) (R) ; Numero de clasificación, CALL (RLIN) (NR) TPG-CI MAS-18 2020
100 1# - ENTRADA PRINCIPAL--NOMBRE DE PERSONA
Nombre de persona Pérez Elías, Lixón
Término indicativo de función/relación autor
9 (RLIN) 89713
245 10 - MENCIÓN DEL TÍTULO
Título Evaluación de la integral definida de Gauss mediante integración de contorno y el teorema de residuo /
Mención de responsabilidad, etc. Lixón Pérez Elías ; asesor: Carlos Robert Valdez Coats
260 ## - PUBLICACIÓN, DISTRIBUCIÓN, ETC.
Lugar de publicación, distribución, etc. Santo Domingo :
Nombre del editor, distribuidor, etc. Universidad APEC,
Fecha de publicación, distribución, etc. 2020
300 ## - DESCRIPCIÓN FÍSICA
Extensión 39 hojas :
Material acompañante/anejo + 1 CD ROM
336 ## - TIPO DE CONTENIDO
Término de tipo de contenido Texto
Código de tipo de contenido txt
Fuente rdacontent
337 ## - TIPO DE MEDIO
Nombre/término del tipo de medio sin mediación
Código del tipo de medio n
Fuente rdamedia
338 ## - TIPO DE SOPORTE
Nombre/término del tipo de soporte volumen
Código del tipo de soporte nc
Fuente rdacarrier
500 ## - NOTA GENERAL
Nota general CAMPUS I
500 ## - NOTA GENERAL
Nota general Tesis en Formato PDF.<br/>Tesis en Formato Electrónico.<br/>Tesis en formato digital.
502 ## - NOTA DE TESIS
Nota de tesis Tesis (Maestría en Matemática Superior) - Universidad APEC, 2020
504 ## - NOTA DE BIBLIOGRAFÍA, ETC.
Nota de bibliografía, etc. Nota Incluye referencias bibliográficas e índice
650 ## - PUNTO DE ACCESO ADICIONAL DE MATERIA--TÉRMINO DE MATERIA
Término de materia o nombre geográfico como elemento de entrada Integrales
9 (RLIN) 89714
650 ## - PUNTO DE ACCESO ADICIONAL DE MATERIA--TÉRMINO DE MATERIA
Término de materia o nombre geográfico como elemento de entrada Integrales definidas
9 (RLIN) 89722
650 ## - PUNTO DE ACCESO ADICIONAL DE MATERIA--TÉRMINO DE MATERIA
Término de materia o nombre geográfico como elemento de entrada Integración numérica
9 (RLIN) 7773
650 ## - PUNTO DE ACCESO ADICIONAL DE MATERIA--TÉRMINO DE MATERIA
Término de materia o nombre geográfico como elemento de entrada Integrales impropias
9 (RLIN) 89715
650 ## - PUNTO DE ACCESO ADICIONAL DE MATERIA--TÉRMINO DE MATERIA
Término de materia o nombre geográfico como elemento de entrada Cuadratura de Gauss
9 (RLIN) 89723
650 ## - PUNTO DE ACCESO ADICIONAL DE MATERIA--TÉRMINO DE MATERIA
Término de materia o nombre geográfico como elemento de entrada Cálculo integral
9 (RLIN) 89716
650 ## - PUNTO DE ACCESO ADICIONAL DE MATERIA--TÉRMINO DE MATERIA
Término de materia o nombre geográfico como elemento de entrada Integrales de Gauss
9 (RLIN) 89717
650 ## - PUNTO DE ACCESO ADICIONAL DE MATERIA--TÉRMINO DE MATERIA
Término de materia o nombre geográfico como elemento de entrada Integrales
Subdivisión general Problemas, ejercicios, etc.
9 (RLIN) 89718
650 ## - PUNTO DE ACCESO ADICIONAL DE MATERIA--TÉRMINO DE MATERIA
Término de materia o nombre geográfico como elemento de entrada Distribución de Gauss
9 (RLIN) 89719
650 ## - PUNTO DE ACCESO ADICIONAL DE MATERIA--TÉRMINO DE MATERIA
Término de materia o nombre geográfico como elemento de entrada Funciones de Gauss
9 (RLIN) 89721
653 ## - TÉRMINO DE INDIZACIÓN--NO CONTROLADO
Término no controlado Teorema del residuo
700 1# - ENTRADA AGREGADA--NOMBRE PERSONAL
Nombre de persona Valdez Coats, Carlos Robert
Término indicativo de función/relación asesor
9 (RLIN) 86400
856 ## - LOCALIZACIÓN Y ACCESO ELECTRÓNICOS
Identificador Uniforme de Recurso <a href="https://bibliotecaunapec.blob.core.windows.net/tesis/TPG_CI_MAS_18_2020_ET210219.pdf">https://bibliotecaunapec.blob.core.windows.net/tesis/TPG_CI_MAS_18_2020_ET210219.pdf</a>
Texto de enlace Hacer clic para ver el PDF (554 KB). Trabajo de posgrado.
912 ## -
-- AJRP
942 ## - ELEMENTOS DE ENTRADA SECUNDARIOS (KOHA)
Fuente de la clasificación o esquema de estantería Clasificación Decimal Dewey
Tipo de ítem Koha Tesis impresa

No items available.

© 2024. Todos los Derechos Reservados. Desarrollado por IDEICE